00338 a2200109 4500001001000000005001700010008004100027245005000068100002100118700002200139773006700161ART_5103420260410162008.0260409a 10aEl desalojo en la emergencia locativa en 20201 aHumphreys, Ethel1 aMartinat, Julieta0 tTemas de derecho civilg- Año 6, N° 8 (ago. 2020)wREV34778